UEFA Team of the Year 2016 Nominees - Statistics

General Stats
  • This quiz has been taken 69 times
  • The average score is 31 of 40
Answer Stats
Answer % Correct
Gareth Bale
98%
Gianluigi Buffon
98%
Lionel Messi
98%
Sergio Ramos
98%
Cristiano Ronaldo
96%
Luis Suárez
96%
Neymar
96%
Luka Modrić
94%
Zlatan Ibrahimović
94%
Robert Lewandowski
92%
Alexis Sánchez
90%
Keylor Navas
90%
Paul Pogba
90%
Pepe
90%
Antoine Griezmann
88%
Gerard Piqué
88%
Jérôme Boateng
88%
Diego Godín
87%
Riyad Mahrez
87%
Kevin De Bruyne
85%
Andrés Iniesta
83%
Pierre-Emerick Aubameyang
83%
Sergio Agüero
83%
Aaron Ramsey
79%
Gonzalo Higuaín
77%
Toni Kroos
77%
Rui Patrício
75%
Jan Oblak
71%
Leonardo Bonucci
71%
N'Golo Kanté
69%
Dimitri Payet
60%
Toby Alderweireld
60%
Dani Carvajal
56%
Laurent Koscielny
50%
Joe Allen
48%
Joshua Kimmich
44%
Grzegorz Krychowiak
35%
Juanfran
35%
Raphaël Guerreiro
27%
Yannick Ferreira Carrasco
27%
No matching quizzes found
Score Distribution
Percent of People with Each Score
Percentile by Number Answered
Your Score History
You have not taken this quiz